| 000 | nam a22 a 4500 | ||
|---|---|---|---|
| 999 |
_c431616 _d431616 |
||
| 003 | BLK | ||
| 005 | 20210913133525.0 | ||
| 008 | 210913b bu |||||r|||| 00| | bu d | ||
| 040 | _aBLK | ||
| 041 |
_aFRE _cFRE |
||
| 080 |
_aИстория на Стария Изток, Мидия, Персия, Асирия и Вавилония _b94(3) _z94(3) |
||
| 100 |
_91299 _aDriault, Édouard _eпърви автор |
||
| 139 | _aDriault, Édouard | ||
| 245 |
_aLa question d'Orient _bDepuis ses origines jusqu'à nos jours _cÉdouard Driault; pref. Gabriel Monod |
||
| 250 | _a5e éd | ||
| 260 |
_9217876 _aParis _bFelix Alcan _c1912 |
||
| 300 |
_a408 p. _c22 cm |
||
| 380 | _a9 | ||
| 490 |
_9464341 _aBibliothèque d'histoire contemporaine |
||
| 650 | 7 |
_9157779 _aИстория - Древен Изток |
|
| 653 | 7 |
_9192942 _aОриент |
|
| 653 | 7 |
_9187889 _aистория |
|
| 700 |
_9194 _a Monod, Gabriel _epref. |
||
| 852 |
_aЦб 9.215.13995 _bО |
||
| 942 |
_cKNG _n0 _s1 |
||
| 944 |
_aCR _c2021-09-13 _kХристина Везирева |
||